Manchado

Wedi'i Gadw mewn:
Manylion Llyfryddiaeth
Prif Awdur: Rodríguez, Jorge Eduardo
Fformat: Llyfr
Iaith:Undetermined
Cyhoeddwyd: San José, Costa Rica Editorial Costa Rica 1991
Pynciau:
Tagiau: Ychwanegu Tag
Dim Tagiau, Byddwch y cyntaf i dagio'r cofnod hwn!

MARC

LEADER 00000nam a2200000Ia 4500
008 170316s9999 xx 000 0 und d
090 |a 868 R-9m 
100 |a Rodríguez, Jorge Eduardo 
245 |a Manchado 
260 |a San José, Costa Rica 
260 |b Editorial Costa Rica 
260 |c 1991 
300 |a 95 páginas 
650 |a LITERATURA COSTARRICENSE 
999 |c 26908  |d 26908 
040 |a cru BVZT 
942 |c 15 D  |h 868 R-9m  |2 z